| 000 | 00768nam a22001577a 4500 | ||
|---|---|---|---|
| 003 | OSt | ||
| 005 | 20151006134938.0 | ||
| 008 | 151006b xxu||||| |||| 00| 0 eng d | ||
| 040 | _cRUA | ||
| 082 | _aAVM CHI 2006 B076 Or.1 | ||
| 100 |
_92159 _aCHIM, VASEY. |
||
| 245 | _aComparing the effect of liquid and fermented liquid feed on performance of growing pigs at rua, ប្រៀបធៀបឥទ្ធពលនៃការពង្រាវចំណី និងការបន្ថែមមេល្បើងទៅលើការលូតលាស់របស់ជ្រូកសាច់នៅសាកលវិទ្យាល័យភូមិន្ទកសិកម្ម | ||
| 260 |
_aPhnom Penh _bRUA _c2006 |
||
| 300 |
_a34p. _bill. _c29cm. |
||
| 942 |
_2ddc _cAVM |
||
| 999 |
_c2030 _d2030 |
||